|
|
|
|
| LEADER |
03541nim a2200589 i 4500 |
| 001 |
001513459 |
| 003 |
CZ BrMZK |
| 005 |
20160406070358.0 |
| 007 |
sd fungnnmmned |
| 008 |
160225s2015 xr ||nne h n cze |
| 015 |
|
|
|a cnb002764378
|
| 024 |
3 |
|
|a 8590442052924
|
| 028 |
0 |
1 |
|a 55292-2
|b Popron music & publishing s.r.o.
|
| 040 |
|
|
|a BOA001
|b cze
|e rda
|
| 072 |
|
7 |
|a 821.162.3-3
|x Česká próza
|2 Konspekt
|9 25
|
| 080 |
|
|
|a 821.162.3-34
|2 MRF
|
| 080 |
|
|
|a 821.162.3(437.32)-34
|2 MRF
|
| 080 |
|
|
|a 821(437.33+438)-34
|2 MRF
|
| 080 |
|
|
|a (086.7)08
|2 MRF
|
| 080 |
|
|
|a (086.76)
|2 MRF
|
| 245 |
0 |
0 |
|a Regionální pověsti z Čech, Moravy a Slezska
|
| 264 |
|
1 |
|a [Praha] :
|b Popron music & publishing s.r.o.,
|c 2015
|
| 300 |
|
|
|a 1 audiodisk (2 hod., 37 min.) ;
|c 12 cm
|
| 306 |
|
|
|a 023700
|
| 336 |
|
|
|a mluvené slovo
|b spw
|2 rdacontent
|
| 337 |
|
|
|a audio
|b s
|2 rdamedia
|
| 338 |
|
|
|a audiodisk
|b sd
|2 rdacarrier
|
| 344 |
|
|
|a digital
|b optical
|2 rda
|
| 347 |
|
|
|a audio soubor
|b MP3
|2 rda
|
| 500 |
|
|
|a Název z disku
|
| 500 |
|
|
|a ℗2000-2014 různá vydavatelství
|
| 505 |
0 |
0 |
|t Jak pasák Baroš zbohatl
|g (Valašsko) /
|r Oldřich Šuleř --
|t Jak domažlický měšťan čerta nepřelstil
|g (Domažlice) /
|r Markéta Čekanová a Zdeněk Zajíček --
|t O objevení stříbra v Kutné Hoře
|g (Kutná Hora) /
|r Renata Petříčková a Michal Vaněček --
|t Kočičí smrk
|g (Aš) /
|r Wilhelm Fischer ; překlad Zdenka Houdková --
|t O pánech z Rožmberka
|g (Krumlov, Třeboň, Vyšší Brod) /
|r Eduard Petiška --
|t Zlín se menovál "Zlaté japko"
|g (Zlín) /
|r Karel Pekárek --
|t Čert v Pekelském lese
|g (Aš) /
|r Wilhelm Fischer ; překlad Zdenka Houdková --
|t Zeman a jeho odkaz
|g (Uherský Brod, Nivnice) ;
|t Buchlov kámen
|g (Buchlov) /
|r Mercedes Zimová --
|t Upomínající ženy
|g (Aš) /
|r Wilhelm Fischer ; překlad Zdenka Houdková --
|t Tajemství koterovských štol
|g (Plzeň) /
|r Markéta Čekanová a Zdeněk Zajíček --
|t Hradiščko
|g (Zlín) /
|r Karel Pekárek --
|t O zámeckých paních
|g (Opočno, Marklovice) /
|r Eduard Petiška --
|t Jak chtěl čert zničit Moravu
|g (Uherské Hradiště) /
|r Mercedes Zimová --
|t O Dolní hospodě
|g (Hranice u Aše) ;
|t Divoký lovec
|g (Aš) /
|r Wilhelm Fischer ; překlad Zdenka Houdková --
|t O pokladu na Sionu
|g (Kutná Hora) /
|r Renata Petříčková a Michal Vaněček --
|t O černých kněžích
|g (Uherský Brod, Starý Hrozenkov) /
|r Mercedes Zimová --
|t O loupežnících ve Slezsku a na Moravě
|g (Cvilín, Krnov) /
|r Eduard Petiška
|
| 511 |
1 |
|
|a V podání různých herců
|
| 655 |
|
7 |
|a české pověsti
|7 fd201456
|2 czenas
|
| 655 |
|
7 |
|a moravské pověsti
|7 fd201457
|2 czenas
|
| 655 |
|
7 |
|a slezské pověsti
|7 fd257212
|2 czenas
|
| 655 |
|
7 |
|a audioknihy
|7 fd119452
|2 czenas
|
| 655 |
|
7 |
|a kompaktní desky
|7 fd201991
|2 czenas
|
| 700 |
1 |
|
|a Šuleř, Oldřich,
|d 1924-2015
|7 jk01131694
|4 aut
|
| 700 |
1 |
|
|a Čekanová, Markéta,
|d 1969-
|7 xx0055503
|4 aut
|
| 700 |
1 |
|
|a Zajíček, Zdeněk,
|d 1963-
|7 xx0055502
|4 aut
|
| 700 |
1 |
|
|a Petříčková, Renata,
|d 1978-
|7 xx0108171
|4 aut
|
| 700 |
1 |
|
|a Vaněček, Michal,
|d 1964-
|7 xx0021815
|4 aut
|
| 700 |
1 |
|
|a Fischer, Wilhelm,
|d 1846-1932
|7 jn20030922018
|4 aut
|
| 700 |
1 |
|
|a Houdková, Zdena
|4 trl
|
| 700 |
1 |
|
|a Petiška, Eduard,
|d 1924-1987
|7 jk01092720
|4 aut
|
| 700 |
1 |
|
|a Pekárek, Karel,
|d 1911-1966
|7 jk01092381
|4 aut
|
| 700 |
1 |
|
|a Zimová, Mercedes,
|d 1932-
|7 mzk2010569250
|4 aut
|
| 910 |
|
|
|a BOA001
|b CDR-1363.509
|
| 990 |
|
|
|a AV
|
| 991 |
|
|
|b 201604
|c NOV
|
| 996 |
6 |
|
|b 2610661986
|c CDR-1363.509
|l MZK
|r Sklad / do 24 hodin
|n 1
|p p.v.
|w 001548887
|u 000010
|a 1
|e BOA001
|j MZK50
|s P
|